|
|
|
|
| LEADER |
00000nam0a2200000 4500 |
| 001 |
30920 |
| 005 |
20231030204211.0 |
| 010 |
|
|
|a 5288028133
|
| 035 |
|
|
|a (RuTPU)RU\TPU\book\31196
|
| 035 |
|
|
|a BOOK00000002
|
| 090 |
|
|
|a 30920
|
| 100 |
|
|
|a 20011209d2001 m y0rusy50 ca
|
| 101 |
0 |
|
|a rus
|
| 102 |
|
|
|a RU
|
| 105 |
|
|
|a y j 001zy
|
| 200 |
1 |
|
|a Антикризисное управление на основе инноваций
|e учебное пособие
|f С. В. Валдайцев
|
| 210 |
|
|
|a СПб.
|c Изд-во СПбГУ
|d 2001
|
| 215 |
|
|
|a 232 с.
|
| 320 |
|
|
|a Глоссарий: с. 221-231.
|
| 610 |
1 |
|
|a экономика
|
| 610 |
1 |
|
|a предприятия
|
| 610 |
1 |
|
|a управление
|
| 610 |
1 |
|
|a антикризисное управление
|
| 610 |
1 |
|
|a инновации
|
| 610 |
1 |
|
|a финансовая диагностика
|
| 610 |
1 |
|
|a финансовое оздоровление
|
| 610 |
1 |
|
|a безубыточность
|
| 610 |
1 |
|
|a прибыль
|
| 610 |
1 |
|
|a увеличение
|
| 610 |
1 |
|
|a финансовые риски
|
| 610 |
1 |
|
|a платежеспособность
|
| 610 |
1 |
|
|a оценка
|
| 610 |
1 |
|
|a нововведения
|
| 610 |
1 |
|
|a финансовое планирование
|
| 610 |
1 |
|
|a инвестиционное планирование
|
| 610 |
1 |
|
|a учебные пособия
|
| 686 |
|
|
|a У9(2)29-2я73
|v LBC/SL-A
|2 rubbk
|
| 700 |
|
1 |
|a Валдайцев
|b С. В.
|g Сергей Васильевич
|
| 801 |
|
0 |
|a RU
|b 63413507
|c 20011209
|g PSBO
|
| 801 |
|
2 |
|a RU
|b 63413507
|c 20070705
|g PSBO
|
| 942 |
|
|
|c BK
|